| 000 | 00703cam a2200193 4500 | ||
|---|---|---|---|
| 001 | X118473 | ||
| 008 | 020620n2002 000 0 eng u | ||
| 035 | _a(Sirsi) u118473 | ||
| 100 | _aHarrison, R | ||
| 245 | _aManaging your expert | ||
| 260 | _c2002 | ||
| 490 |
_aNew Law Journal _v Expert Witness Supplement February 2002, 260-262(2) |
||
| 520 | _aOffers practical guidance on managing experts. Considers issues arising from an adverse report, an unsympathetic expert and how far a solicitor can go in rewriting a badly written report. | ||
| 650 | _aEXPERT WITNESSES | ||
| 650 | _aEXPERT EVIDENCE | ||
| 650 | _aCIVIL PROCEDURE RULES 1998 | ||
| 690 |
_aDispute resolution _96236 |
||
| 942 | _n0 | ||
| 999 |
_c70528 _d70528 |
||